000
00344 a2200157 4500
001
151432
040
_c
Escola São Tomás de Aquino
100
_a
MARQUES, Cristina
240
1
0
_a
O nariz curioso
_l
por
245
1
0
_a
O nariz curioso
300
_a
32
362
0
_a
2001
440
1
_a
Scipione
697
_a
*LITERATURA INFANTO
942
_c
BK
999
_c
151432
_d
151432